000 00693cam a2200229 4500500
005 20260405003821.0
041 _afre
042 _adc
100 1 0 _aLegros, Martin
_eauthor
245 0 0 _a“Pêcheur de perles”, d’Alain Finkielkraut : de l’art de citer
260 _c2024.
500 _a97
690 _aAlain Finkielkraut
690 _aAmour
690 _aCitation
690 _aÉrudition
690 _aHannah Arendt
690 _aMort
690 _aWalter Benjamin
786 0 _nPhilosophie magazine | 176 | 1-2 | 2024-02-01 | p. 49-50 | 1951-1787
856 4 1 _uhttps://shs.cairn.info/magazine-philosophie-magazine-2024-2-page-49?lang=fr&redirect-ssocas=7080
999 _c2071100
_d2071100